000 00644nam a22002297a 4500
005 20140506111753.0
010 _aENG-109675
020 _a9789339203443
_c695.00
020 _a9339203445
_c695.00
035 _aEN-93208
037 _bDBAD/PUB
082 _a657
100 _aKhan, M. Y.
245 0 0 _aCost accounting /
_cby M.Y. Khan [and] P. K. Jain
250 _a2nd ed
260 _aNew Delhi
_bMcGraw Hill Education
_c2014
270 _aP-24, Green Park Extn.
_bNew Delhi
_e110016
300 _avarious pagings
_c24cm(pbk)
500 _aIncludes index
700 _aJain, P. K.
942 _2ddc
_cEN
_mKHA
_h657
999 _c83333
_d83333